000
00268nam a22001217a 4500
020
_a
81-237-3980-X
082
_a
001
_b
RAZ/M
100
_a
RAZEGHPANAH, VIOLET
245
_a
MIR SPACE STATION
260
_a
DELHI
_b
NATIONAL BOOK TRUST
650
_a
GK
_z
DELHI
942
_c
BK
999
_c
6346
_d
6346